| 000 | 00979cam a2200313u 4500 | ||
|---|---|---|---|
| 001 | data | ||
| 005 | 20260322212106.0 | ||
| 008 | data | ||
| 035 | _a9235329 | ||
| 906 |
_a0 _bcbc _cpremunv _du _encip _f19 _gy-gencatlg |
||
| 010 | _a 35036340 | ||
| 035 | _9(DLC) 35036340 | ||
| 040 |
_aDLC _cCarP _dDLC |
||
| 043 |
_ae-it--- _ae-it--- |
||
| 050 | 0 | 0 |
_aK840.A72 _bC67 1934 |
| 100 | 1 |
_aCosentini, Francesco, _d1870- |
|
| 245 | 1 | 3 | _aLe Code international des obligations et le Projet de code franco-italien des contrats et des obligations... |
| 260 |
_aAgen, _bImprimerie moderne, _c1934. |
||
| 300 |
_a14 p. _c25 cm. |
||
| 336 |
_atext _btxt _2rdacontent |
||
| 337 |
_aunmediated _bn _2rdamedia |
||
| 338 |
_avolume _bnc _2rdacarrier |
||
| 650 | 0 | _aContracts. | |
| 650 | 0 |
_aContracts _zFrance. |
|
| 650 | 0 |
_aContracts _zItaly. |
|
| 991 |
_bc-LL _hLAW <General Cosen> _tCopy 1 _wPREM |
||
| 999 |
_c1565 _d1565 |
||